La Temática de García Gutiérrez : índice y estudio (la mujer) / María Luísa Guardiola Tey índice y estudio (la mujer) / María Luísa Guardiola Tey
Descripción Física:
341 p. ; 22 cm
Colección:
Universitas ; 56
MARC
| LEADER | 00000nam a2200000Ia 4500 | ||
|---|---|---|---|
| 001 | 10441 | ||
| 008 | 160829s1993 xx 000 0 cat d | ||
| 080 | |a B-1-276 | ||
| 100 | |a Guardiola Tey, María Luisa |9 20587 | ||
| 245 | |a La Temática de García Gutiérrez : |b índice y estudio (la mujer) / María Luísa Guardiola Tey | ||
| 260 | |a Barcelona : |b PPU, Promociones y Publicaciones Universitarias, |c 1993 | ||
| 300 | |a 341 p. ; |c 22 cm | ||
| 490 | |a Universitas ; 56 | ||
| 590 | |a Bibliografia | ||
| 650 | |a García Gutiérrez, Antonio |x Crítica i interpretació |9 20588 | ||
| 901 | |a Arxiu | ||
| 942 | |n 1 | ||
| 952 | |0 0 |1 0 |4 0 |6 B1276 |7 1 |9 41596 |a Arxiu |b Arxiu |d 2016-12-01 |l 0 |o B-1-276 |p 10441 |r 2016-12-01 00:00:00 |w 2016-12-01 |y ARXIU | ||
| 999 | |c 43486 |d 43486 | ||